MARC details
| 000 -LEADER |
| fixed length control field |
01755cas a2200445 a 4500 |
| 001 - CONTROL NUMBER |
| control field |
0000005355 |
| 005 - DATE AND TIME OF LATEST TRANSACTION |
| control field |
20170406120548.0 |
| 007 - PHYSICAL DESCRIPTION FIXED FIELD--GENERAL INFORMATION |
| fixed length control field |
t| |
| 008 - FIXED-LENGTH DATA ELEMENTS--GENERAL INFORMATION |
| fixed length control field |
011017c19uu9999nyuar 0 a0eng c |
| 010 ## - LIBRARY OF CONGRESS CONTROL NUMBER |
| LC control number |
2002204120 |
| 012 ## - |
| -- |
-3-7-1303117548-p----- |
| 022 ## - INTERNATIONAL STANDARD SERIAL NUMBER |
| International Standard Serial Number |
1541-6313 |
| ISSN-L |
1541-6313 |
| Incorrect ISSN |
1069-2932 |
| Source |
1 |
| 035 ## - SYSTEM CONTROL NUMBER |
| System control number |
(OCoLC)ocm47194752 |
| 037 ## - SOURCE OF ACQUISITION |
| Source of stock number/acquisition |
Barron's Educational Series, Inc., 250 Wireless Blvd., Hauppauge, NY 11788 |
| 040 ## - CATALOGING SOURCE |
| Original cataloging agency |
NGcNLS |
| Language of cataloging |
eng |
| Transcribing agency |
NGcNLS |
| Modifying agency |
DLC |
| -- |
NSDP |
| -- |
OCoLC |
| 042 ## - AUTHENTICATION CODE |
| Authentication code |
c=Program for Cooperative Cataloging |
| -- |
dp=National Serial Data Program |
| 050 00 - LIBRARY OF CONGRESS CALL NUMBER |
| Classification number |
D21 |
| Item number |
.B287 |
| 082 10 - DEWEY DECIMAL CLASSIFICATION NUMBER |
| Classification number |
300 |
| Edition number |
13 |
| 210 0# - ABBREVIATED TITLE |
| Abbreviated title |
Barron's Regents exams answ., Glob. hist. geogr. |
| 222 #0 - KEY TITLE |
| Key title |
Barron's Regents exams and answers. Global history & geography |
| 245 00 - TITLE STATEMENT |
| Title |
Barron's Regents exams and answers. |
| Name of part/section of a work |
Global history & geography. |
| 246 14 - VARYING FORM OF TITLE |
| Title proper/short title |
Barron's Regents exams and answers. |
| Name of part/section of a work |
Global history and geography |
| 246 30 - VARYING FORM OF TITLE |
| Title proper/short title |
Regents exams and answers. |
| Name of part/section of a work |
Global history & geography |
| 246 30 - VARYING FORM OF TITLE |
| Title proper/short title |
Global history & geography |
| 246 3# - VARYING FORM OF TITLE |
| Title proper/short title |
Regents exams and answers. |
| Name of part/section of a work |
Global history and geography |
| 246 3# - VARYING FORM OF TITLE |
| Title proper/short title |
Global history and geography |
| 260 ## - PUBLICATION, DISTRIBUTION, ETC. |
| Place of publication, distribution, etc. |
Hauppauge, NY : |
| Name of publisher, distributor, etc. |
Barron's Educational Series, Inc. |
| 300 ## - PHYSICAL DESCRIPTION |
| Extent |
v. : |
| Other physical details |
ill., maps ; |
| Dimensions |
20 cm. |
| 310 ## - CURRENT PUBLICATION FREQUENCY |
| Current publication frequency |
Annual |
| 588 ## - SOURCE OF DESCRIPTION NOTE |
| Source of description note |
Description based on: C2001. |
| 588 ## - SOURCE OF DESCRIPTION NOTE |
| Source of description note |
Latest issue consulted: c2002. |
| 650 #0 - SUBJECT ADDED ENTRY--TOPICAL TERM |
| Topical term or geographic name entry element |
History |
| Form subdivision |
Examinations, questions, etc. |
| -- |
Periodicals. |
| 650 #0 - SUBJECT ADDED ENTRY--TOPICAL TERM |
| Topical term or geographic name entry element |
Geography |
| Form subdivision |
Examinations, questions, etc. |
| -- |
Periodicals. |
| 650 #0 - SUBJECT ADDED ENTRY--TOPICAL TERM |
| Topical term or geographic name entry element |
Social sciences |
| Form subdivision |
Examinations, questions, etc. |
| -- |
Periodicals. |
| 710 2# - ADDED ENTRY--CORPORATE NAME |
| Corporate name or jurisdiction name as entry element |
Barron's Educational Series, inc. |
| 908 ## - PUT COMMAND PARAMETER (RLIN) |
| Put command parameter |
141212 |